| 000 | 00308 a2200121 4500 | ||
|---|---|---|---|
| 999 |
_c300362 _d300362 |
||
| 001 | 65289 | ||
| 003 | NUST | ||
| 005 | 20180119114945.0 | ||
| 008 | 180119b xxu||||| |||| 00| 0 eng d | ||
| 082 | _a340.5921 ASI | ||
| 100 |
_aMuhammad Asim Alhaddad _99068 |
||
| 245 |
_aIslamic Jurisprudence _hEnglsih _nPart I & II |
||
| 260 |
_aLahore _bAl-Faisal _c2005 |
||
| 300 | _a659p. | ||
| 942 |
_aNUST CAE _cBK _k340.5921 ASI _2ddc |
||